What year are these David Bowie photos from? - Statistics

General Stats
  • This quiz has been taken 61 times
  • The average score is 17 of 29
Answer Stats
Picture Answer % Correct
1973
93%
1971
90%
1983
90%
1974
88%
1976
83%
1987
80%
1970
78%
2003
73%
1972
68%
1977
68%
1975
65%
1978
60%
1969
58%
1974
58%
1979
58%
1997
55%
1999
50%
1995
48%
1977
45%
1985
45%
2015
45%
2002
43%
1967
40%
2000
38%
2013
38%
1980
35%
1991
35%
1990
33%
1993
28%
No matching quizzes found
Score Distribution
Percent of People with Each Score
Percentile by Number Answered
Your Score History
You have not taken this quiz